000 00477nam a2200169 a 4500
001 0000-9133
003 ELIB.Books
008 110520 1938
035 _a(ELIB.Books)0000-9285
082 _a268.433
_bBur
100 _aBurkhart, Roy A
245 _aUnderstanding Youth: His Search for a way of life
260 _bNew York: Abingdon-Cokesbury Press
_c1938
650 _aChristian Education - Youth
942 _2ddc
_cBK
998 _cbat
_e2011-05-20
999 _c9133
_d9133